|
|
|
|
| LEADER |
00000cam a2200000 7i4500 |
| 001 |
0000008234 |
| 005 |
20180816093000.0 |
| 008 |
021119s1983 |
| 090 |
0 |
0 |
|a HD31
|b .P372 1983
|
| 100 |
0 |
|
|a Parkinson, C. Northcote [
|q (Cyril Northcote)] ,
|d 1909-1993 ,
|e author
|
| 245 |
1 |
4 |
|a The Bible of management
|c C. Northcote Parkinson, M. K. Rustomji
|f illustrated by V. B. Halbe
|
| 260 |
2 |
|
|a Bombay :
|b India Book House ,
|c c1983
|
| 300 |
|
|
|a 88 p. ;
|c 29 cm.
|
| 650 |
|
0 |
|a Management
|
| 700 |
0 |
|
|a Rustomji, M. K. ,
|e author
|
| 999 |
|
|
|a 1000009197
|b Book
|c OPEN SHELF (30 DAYS)
|e Gong Badak Campus
|